Fundamentals of speech recognition (Record no. 3414)

MARC details
000 -LEADER
fixed length control field 00640nam a22002177a 4500
003 - CONTROL NUMBER IDENTIFIER
control field OSt
005 - DATE AND TIME OF LATEST TRANSACTION
control field 20220107122725.0
008 - FIXED-LENGTH DATA ELEMENTS--GENERAL INFORMATION
fixed length control field 131022b xxu||||| |||| 00| 0 eng d
020 ## - INTERNATIONAL STANDARD BOOK NUMBER
International Standard Book Number 9788177585605
040 ## - CATALOGING SOURCE
Transcribing agency IIITM-K
082 ## - DEWEY DECIMAL CLASSIFICATION NUMBER
Classification number 006.454 RAB/F
100 ## - MAIN ENTRY--PERSONAL NAME
Personal name Rabiner, Lawrence
9 (RLIN) 2555
245 ## - TITLE STATEMENT
Title Fundamentals of speech recognition
Statement of responsibility, etc. by Lawrence Rabiner, Biing-Hwang Juang,B Yegnanarayana
260 ## - PUBLICATION, DISTRIBUTION, ETC.
Place of publication, distribution, etc. New Delhi,
Name of publisher, distributor, etc. Pearson,
Date of publication, distribution, etc. 2009.
300 ## - PHYSICAL DESCRIPTION
Extent xxix, 497p.
650 ## - SUBJECT ADDED ENTRY--TOPICAL TERM
Topical term or geographic name entry element SPEECH RECOGNITION
9 (RLIN) 2556
650 ## - SUBJECT ADDED ENTRY--TOPICAL TERM
Topical term or geographic name entry element SIGNAL PROCESSING
9 (RLIN) 2557
700 ## - ADDED ENTRY--PERSONAL NAME
Personal name Juang, Biing-Hwang
9 (RLIN) 2558
700 ## - ADDED ENTRY--PERSONAL NAME
Personal name Yegnanarayana, B
9 (RLIN) 2559
942 ## - ADDED ENTRY ELEMENTS (KOHA)
Source of classification or shelving scheme Dewey Decimal Classification
Koha item type Books
Holdings
Withdrawn status Lost status Source of classification or shelving scheme Damaged status Not for loan Collection code Home library Current library Shelving location Date acquired Total Checkouts Full call number Barcode Date last seen Date last checked out Price effective from Koha item type
    Dewey Decimal Classification     Speech & Language Processing Kerala University of Digital Sciences, Innovation and Technology Knowledge Centre Kerala University of Digital Sciences, Innovation and Technology Knowledge Centre Computer Science 22/10/2013 19 006.454 RAB/F 3077 08/07/2025 27/01/2025 22/10/2013 Books